| 000 | 00707nam a2200253Ia 4500 | ||
|---|---|---|---|
| 003 | OSt | ||
| 005 | 20220918222334.0 | ||
| 006 | a|||||r|||| 00| 0 | ||
| 007 | ta | ||
| 008 | 220917b |||||||| |||| 00| 0 eng d | ||
| 024 | _a216,476 | ||
| 037 | _cTextual | ||
| 040 |
_aARTS _cARTS _beng |
||
| 041 |
_2eng _aeng |
||
| 082 | _aY11:44:3(L)g, N6 | ||
| 100 |
_aJenny Carole _9142836 |
||
| 245 | 0 | _aMedical evaluation of physically and sexually abused children | |
| 260 |
_aDelhi _bSage publications _c1996 |
||
| 300 |
_axiv, 143p _ccm. |
||
| 490 | _aThe Apsac study guides | ||
| 650 | _aSOCIOLOGY | ||
| 942 |
_hY11:44:3(L)g, N6 _cTEXL _2CC |
||
| 999 |
_c275214 _d275214 |
||